000 004700000a22001930004500
001 001312
003 MACL
005 20151017104238.0
008 151017b xxu||||| |||| 00| 0 eng d
040 _aMACL
_cMACL
041 _aEnglish
082 _a954/SIN
100 _aSingh, Joginder
_911137
245 _aInside India
_cJoginder Singh
260 _aDelhi
_c2000
_bIndian Publisher Distributor,
350 _a395
650 _a History
_915473
942 _k954
_cBK
_2ddc
999 _c1307
_d1307